श्रीरामचरितमानस में उपनिषद् प्रभाव / (Record no. 36660)

MARC details
000 -LEADER
fixed length control field 01094nam a22002297a 4500
005 - DATE AND TIME OF LATEST TRANSACTION
control field 20100610100954.0
008 - FIXED-LENGTH DATA ELEMENTS--GENERAL INFORMATION
fixed length control field 100610t xxu||||| |||| 00| 0 hin d
010 ## - LCCN (DPL NO)
LC control number HIN-89528
020 ## - INTERNATIONAL STANDARD BOOK NUMBER
Terms of availability 600.00
International Standard Book Number 8121400791
035 ## - SYSTEM CONTROL NUMBER
System control number HN-61874
037 ## - SOURCE OF ACQUISITION
Source of stock number/acquisition DBAD / PUB
040 ## - CATALOGING SOURCE
Original cataloging agency DPL
Language of cataloging HN
082 ## - DEWEY DECIMAL CLASSIFICATION NUMBER
Classification number 294.5922
100 ## - MAIN ENTRY--PERSONAL NAME
Personal name शर्मा, शीला
9 (RLIN) 22698
245 ## - TITLE STATEMENT
Title श्रीरामचरितमानस में उपनिषद् प्रभाव /
Statement of responsibility, etc शीला शर्मा
246 ## - VARYING FORM OF TITLE
Title proper/short title Shreeramcharitmanas main upanishad prabhav/
Remainder of title by Sheela Sharna
260 ## - PUBLICATION, DISTRIBUTION, ETC. (IMPRINT)
Place of publication, distribution, etc नई दिल्ली
Name of publisher, distributor, etc नेशनल पब्लिशिंग हाउस
Date of publication, distribution, etc 2008
270 ## - ADDRESS
Address 2/35 अंसारी रोड, दरियागंज
City नई दिल्ली
Postal code 110002
300 ## - PHYSICAL DESCRIPTION
Extent 368पृ
Dimensions 22सेमी (सजिल्द)
942 ## - ADDED ENTRY ELEMENTS (KOHA)
Source of classification or shelving scheme Dewey Decimal Classification
Item type Hindi Books
Call number suffix शर्माशी
Classification part 294.5922
Holdings
Withdrawn status Lost status Source of classification or shelving scheme Damaged status Not for loan Collection code Home library Current library Date acquired Source of acquisition Cost, normal purchase price Total Checkouts Full call number Barcode Date last seen Copy number Cost, replacement price Koha item type
    Dewey Decimal Classification   Not For Loan Non-fiction D.B.Act.Division D.B.Act.Division 10/06/2010 DBAD / PUB 600.00   शर्माशी HN-61874 10/06/2010 1 600.00 Hindi Books

© Delhi Public Library
Hit Counter
free hit counter